00537nam a2200181Ia 450000500170000000800410001702000150005808200130007310000210008624500280010726000500013530000130018565000230019865000180022194200060023995200950024599900150034020240827044610.0240331s9999 xx 000 0 und d a9559001574 bKARa800 aKarunaratne, R.S 0aWho's who in literature aVeyangodabPrabha Publishers & Printersc2003 a169 p ., aEnglish literature aShort Stories cL 001040708LaWERCLbWERCLcSSCd2024-03-31l0o 800 KARp5458r2024-03-31w2024-03-31yL c3249d3249